Statistics for best all time player for each nba team

Click here to take the quiz!

General Stats

  • This quiz has been taken 35 times
  • The average score is 19 of 30

Answer Stats

Answer % Correct
bullsjordan
90%
jazzmalone
87%
cavsjames
84%
lakersjohnson
81%
pistonsthomas
81%
rocketsolajuwon
77%
pelicansdavis
77%
heatwade
74%
thunderdurant
71%
spursduncan
71%
timberwolvesgarnett
71%
sunsnash
71%
pacersmiller
71%
celticsrussell
68%
76erserving
68%
raptorscarter
68%
trailblazersdrexler
68%
mavsnowitzki
65%
warriorschamberlain
65%
bucksabdul-jabbar
61%
kingsrobertson
61%
clipperspaul
61%
grizzliesgasol
58%
netskidd
52%
magichoward
48%
knicksreed
39%
hornetsmourning
32%
nuggetsenglish
32%
wizardshayes
32%
hawkspettit
23%

Score Distribution

Percentile by Number Answered

Percent of People with Each Score

Your Score History

You have not taken this quiz